000 01184ngm a22003730a 4500
001 PT16565
003 AR-LpoUNG
005 20210202000217.0
007 vd cvaizq
008 191001s1986||||ag |||||||||||||||||spa d
037 _c$6.63
040 _aAR-LpoUNG
_bspa
_cAR-LpoUNG
_eaacr
041 _aspa
044 _aag
082 0 _a982.063 389ope
100 1 _aCedrón, Jorge
_edir.
245 1 0 _aOperación masacre
260 _aExportfilm :
_bs.e.
_c1986.
300 _aVHS (85 min.) : son., col.
505 0 _aGuión: Rodolfo Walsh.
520 _aEl film transcurre a partir de 1955 cuando muere una etapa social Argentina, y comienza la reversión de un proceso de 10 años, el gobierno provisional que asume la conducción del pais, decide -sanear- la sociedad politica Argentina, utilizando la represión para eliminar a la militancia peronista.
650 4 _aANALISIS HISTORICO
650 4 _aARGENTINA
650 4 _aASPECTOS POLITICOS
650 4 _aCAMBIO SOCIAL
650 4 _aDICTADURA
650 4 _aHISTORIA
651 4 _aArgentina
653 _aCINE ARGENTINO
653 _aPERONISMO
653 _aVIDEOS
905 _a16565
942 _cVIDEO
999 _c54347
_d54347